000 01482nam a2200337 a 4500
001 BRCA_3096
005 20190320204117.0
008 280109s1836----fr-#---###---#000-0dfre-u
041 _afre
044 _afr
084 _a400
_b.D83
_c1836
100 1 _aCervantes Saavedra, Miguel de
_d1547-1616
_9213
245 1 0 _aL´Ingenieux Hidalgo Don Quichotte de la Manche
_cpar Miguel de Cervantes Saavedra.
260 _aParís
_bJ.J. Dubochet
_c1836
300 _a2 v.
_c27 cm.
500 _aContenido : v 1. Primera parte. Noticia sobre la vida y obra de Cervantes por Viardot. Prólogo del autor. Texto. -- v 2. Segunda parte. Prólogo del autor. Texto
500 _aEdición : Traduite et annoté par Louis Viardot. Vignetes de Johannot
500 _aEjemplar por completo igual al LO-399. Piel; lomos y planos decorados con dorados; cortes dorados también Lúdovik Osterc
500 _aEstado físico : La edición presenta la encuadernación desprendida
500 _aQM325
546 _aTexto en : francés
650 1 4 _aNovela española
_yÉpoca clásica, 1500-1700
_9215
650 1 4 _aLiteratura española
_yÉpoca clásica, 1500-1700
_9216
650 1 4 _aNovela española
_ySiglo XVII
_9217
650 1 4 _aDon Quijote (Personaje ficticio)
_eNovela
_9218
700 1 _aViardot, Louis
_d1800-1883
_eTraductor
_98441
700 1 _aJohannot, Tony
_d1803-1852
_eIlustrador
_98442
740 0 _aEl Ingenioso Hidalgo Don Quijote de la Mancha
902 _aQFM
942 _2lcc
_cB
999 _c2832
_d2832